| 000 | 00469nam a22001817a 4500 | ||
|---|---|---|---|
| 003 | CEME | ||
| 005 | 20210628202959.0 | ||
| 008 | 210215b xxu||||| |||| 00| 0 eng d | ||
| 020 | _a81-7808-099-0 | ||
| 040 | _c. | ||
| 082 | _a005.16 HUM | ||
| 100 |
_aHumphrey, Watta S _962695 |
||
| 245 | _aManaging the software process | ||
| 260 |
_aINDI _bPEARSON EDUCATION ASIA _c2002 |
||
| 300 | _aXVIII,494P | ||
| 650 |
_aSOFTWARE PROCESS MANAGING _962696 |
||
| 942 |
_cBK _2ddc |
||
| 999 |
_c571725 _d571725 |
||